Dislexia, disortografía y disgrafía
Guardat en:
| Autors principals: | , |
|---|---|
| Format: | Llibre |
| Idioma: | espanyol |
| Publicat: |
Madrid
Pirámide
1994
|
| Col·lecció: | Colección Ojos Solares
|
| Matèries: | |
| Etiquetes: |
Afegir etiqueta
Sense etiquetes, Sigues el primer a etiquetar aquest registre!
|
MARC
| LEADER | 00000nam a2200000 a 4500 | ||
|---|---|---|---|
| 001 | UCU5447 | ||
| 003 | CL-VaPUC | ||
| 008 | 960604e19940000SP |||||||||||||||||spa|d | ||
| 020 | |a 8436808134 | ||
| 082 | 0 | 4 | |a 371.912 |b RIV |2 21 |
| 100 | 0 | |a Rivas Torres, Rosa María |e author |9 363465 | |
| 700 | 0 | |a Fernández Fernández, Pilar |e author |9 363466 | |
| 245 | 1 | 0 | |a Dislexia, disortografía y disgrafía |
| 300 | |a 205 p | ||
| 942 | |c BK | ||
| 945 | |d 19960604 00:00:00 |a rbrito | ||
| 260 | |a Madrid |b Pirámide |c 1994 | ||
| 650 | 0 | |a Dislexia |9 307487 | |
| 650 | 0 | |a Disortografía |9 363467 | |
| 650 | 0 | |a Disgrafía |9 308356 | |
| 650 | 0 | |a Trastornos del aprendizaje |9 307969 | |
| 650 | 0 | |a Alumnos subordinados |9 339380 | |
| 650 | 7 | |a RETRASO EN LOS ESTUDIOS |2 CL-VaPUC |9 340598 | |
| 650 | 7 | |a PSICOFISIOLOGIA |2 CL-VaPUC |9 307700 | |
| 650 | 0 | |a Psicolingüística |9 283371 | |
| 583 | |a last modification |c 19960604 00:00:00 |k Rodrigo Vera | ||
| 490 | 0 | |a Colección Ojos Solares | |
| 999 | |c 248814 |d 248812 | ||
| 952 | |0 0 |1 0 |4 0 |6 371_912000000000000_RIV_1994 |7 0 |8 A |9 265680 |a BIBEDU |b BIBEDU |c ES_NOD |d 2019-11-19 |i 3206998 |o 371.912 RIV 1994 |p 3206998 |r 2023-08-09 |w 2019-11-19 |y BK |k EPE | ||
| 952 | |0 0 |1 0 |4 0 |6 371_912000000000000_RIV_1994 |7 0 |8 A |9 265681 |a BIBEDU |b BIBEDU |c ES_NOD |d 2019-11-19 |i 3891674 |o 371.912 RIV 1994 |p 3891674 |r 2023-08-09 |w 2019-11-19 |y BK |k BME | ||
| 952 | |0 0 |1 0 |4 0 |6 371_912000000000000_RIV_1994 |7 0 |8 A |9 265682 |a BIBEDU |b BIBEDU |c ES_NOD |d 2019-11-19 |i 4025962 |o 371.912 RIV 1994 |p 4025962 |r 2023-08-09 |w 2019-11-19 |y BK |k EDI | ||
| 952 | |0 0 |1 0 |4 0 |6 371_912000000000000_RIV_1994 |7 0 |8 A |9 265683 |a BIBEDU |b BIBEDU |c ES_NOD |d 2019-11-19 |i 4025970 |o 371.912 RIV 1994 |p 4025970 |r 2023-08-09 |w 2019-11-19 |y BK |k EDI | ||